ՀՀ Գիտությունների ազգային ակադեմիայի հիմնարար գիտական գրադարան  =   Fundamental Scientific Library of NAS RA

Դրամատիկական հատվածներ / (Record no. 6811)

MARC details
000 -LEADER
fixed length control field 01024nam a2200217 a 4500
001 - CONTROL NUMBER
control field 000019578
003 - CONTROL NUMBER IDENTIFIER
control field AM-YEHGA
005 - DATE AND TIME OF LATEST TRANSACTION
control field 20260123094644.0
008 - FIXED-LENGTH DATA ELEMENTS--GENERAL INFORMATION
fixed length control field 990210s1934 ai ||||gr|||||||||1|arm|d
040 ## - CATALOGING SOURCE
Original cataloging agency AM-YEHGA
041 1# - LANGUAGE CODE
Language code of text/sound track or separate title arm
Language code of original rus
100 1# - MAIN ENTRY--PERSONAL NAME
Personal name Պուշկին, Ալեքսանդր Սերգեևիչ
9 (RLIN) 6684
245 10 - TITLE STATEMENT
Title Դրամատիկական հատվածներ /
Statement of responsibility, etc. Ա.Ս. Պուշկին ; Խմբագիր՝ Յե. Չարենց ; Թարգմանիչ և վերջաբանի հեղինակ՝ Տ. Հախումյան.
260 ## - PUBLICATION, DISTRIBUTION, ETC.
Place of publication, distribution, etc. Երևան :
Name of publisher, distributor, etc. Պետ. հրատ,
Date of publication, distribution, etc. 1934.
300 ## - PHYSICAL DESCRIPTION
Extent 106 էջ ;
Dimensions 17 սմ.
505 2# - FORMATTED CONTENTS NOTE
Formatted contents note Խրախճանք ժանտախտի պահին, Մոցարտն և Սալյերին, Ժլատ ասպետը, Քարե հյուր
650 14 - SUBJECT ADDED ENTRY--TOPICAL TERM
Topical term or geographic name entry element Ռուս գրականություն
General subdivision Դրամա
700 1# - ADDED ENTRY--PERSONAL NAME
Personal name Հախումյան, Տիգրան Սիմեոնի,
Dates associated with a name 1894-1973
Relator term թարգմ.
Relationship trl
Relator term վերջաբ.
Relationship aft
9 (RLIN) 1317
700 1# - ADDED ENTRY--PERSONAL NAME
Personal name Չարենց, Եղիշե,
Dates associated with a name 1897-1937
Relator term խմբագիր
Relationship edt
942 ## - ADDED ENTRY ELEMENTS (KOHA)
Source of classification or shelving scheme Universal Decimal Classification
Koha item type Գրքեր / Books
Holdings
Withdrawn status Lost status Damaged status Not for loan Collection Home library Current library Date acquired Total checkouts Full call number Barcode Date last seen Price effective from Koha item type Public note Source of classification or shelving scheme
        General Fundamental Scientific Library Fundamental Scientific Library 21/12/2016   AI/8458 FL0045326 21/12/2016 21/12/2016 Գրքեր / Books 30 Days Loan  
        General Fundamental Scientific Library Fundamental Scientific Library 21/12/2016   AI/8459 FL0045327 21/12/2016 21/12/2016 Գրքեր / Books 30 Days Loan  
          Fundamental Scientific Library Fundamental Scientific Library 28/11/2025   Ղար/1022 FL0700876 28/11/2025 04/12/2025 Գրքեր / Books ILL Non-Circ. Universal Decimal Classification


ՀՀ ԳԱԱ հիմնարար գիտական գրադարան
ՀՀ,Երևան 0019
Մարշալ Բաղրամյան 24/6
հեռախոս:(374-10) 52-47-50
Հետադարձ կապ

All site content, except where otherwise noted, is licensed under a
Creative Commons License